All Justin Bieber Songs (updated at any new release) - Statistics

General Stats
  • This quiz has been taken 25 times
  • The average score is 56 of 203
Answer Stats
Answer % Correct
Baby (ft. Ludacris)
86%
Ghost
86%
Beauty And A Beat (ft. Nicki Minaj)
79%
Believe
79%
Boyfriend
79%
Love Yourself
71%
Mistletoe
71%
One Less Lonely Girl
71%
Yummy
71%
Yummy - Summer Walker Remix
71%
Confident (ft. Chance the Rapper)
64%
Maria
64%
One Time
64%
Sorry
64%
That Should Be Me
64%
Company
57%
DAISIES
57%
Holy (ft. Chance The Rapper)
57%
Intentions (ft. Quavo)
57%
Love Me
57%
Never Say Never
57%
Peaches (ft. Daniel Caesar, GIVEON)
57%
Purpose
57%
Stay (with The Kid LAROI)
57%
What Do You Mean?
57%
YUKON
57%
Anyone
50%
As Long As You Love Me (ft. Big Sean)
50%
Changes
50%
Down To Earth
50%
Favourite Girl
50%
Life Is Worth Living
50%
Somebody
50%
Somebody To Love
50%
Where Are U Now (with Skrillex, Diplo)
50%
All Around The World (ft. Ludacris)
43%
All I Want For Christmas Is You (Super Festive!) Duet with Mariah Carey
43%
All That Matters
43%
Fall
43%
Flatline
43%
Freedom. (with BEAM)
43%
Hailey
43%
Heartbreaker
43%
Hold On
43%
Lonely (with benny blanco)
43%
Never Let You Go
43%
No Sense (ft. Travis Scott)
43%
Stuck In The Moment
43%
SWAG (ft. Cash Cobain, Eddie Benjamin)
43%
2 Much
36%
Be Alright
36%
Bigger
36%
Catching Feelings
36%
Mark My Words
36%
Monster (with Shawn Mendes)
36%
No Pressure (ft. Big Sean)
36%
One Love
36%
Out Of Town Girl
36%
Pray
36%
PYD (ft. R. Kelly)
36%
Roller Coaster
36%
Take You
36%
Up
36%
WALKING AWAY
36%
10,000 Hours (with Dan + Shay)
29%
As I Am (ft. Khalid)
29%
Children
29%
Christmas Eve
29%
Die In Your Arms
29%
Drummer Boy (ft. Busta Rhymes)
29%
Fa La La (ft. Boyz II Men)
29%
First Dance (ft. USHER)
29%
Forever (ft. Post Malone, Clever)
29%
Friends (with Bloodpop)
29%
Get Used To It
29%
GO BABY
29%
Hold Tight
29%
I DO
29%
I'll Show You
29%
Lifetime
29%
Memphis (ft. Big Sean)
29%
MLK Interlude
29%
MOTHER IN YOU
29%
Nothing Like Us
29%
Off My Face
29%
Overboard (ft. Jessica Jarrell)
29%
Recovery
29%
Red Eye (ft. TroyBoi)
29%
Right Here (ft. Drake)
29%
She Don't Like The Lights
29%
Silent Night
29%
SPEED DEMON
29%
Stuck With U (with Ariana Grande)
29%
The Feeling (ft. Halsey)
29%
Thought Of You
29%
U Smile
29%
We Are (ft. Nas)
29%
All Around Me
21%
All Bad
21%
ALL I CAN TAKE
21%
All In It
21%
Angels Speak (ft. Poo Bear)
21%
At Least For Now
21%
Bad Day
21%
Been You
21%
Change Me
21%
Christmas Love
21%
Come Around Me
21%
Confirmation
21%
Deserve You
21%
Die For You (ft. Dominic Fike)
21%
E.T.A
21%
Fairytale (ft. Jaden)
21%
Fa La La - A Cappella (ft. Boyz II Men)
21%
Get Me (ft. Kehlani)
21%
Habitual
21%
I Can't Be Myself (ft. Jaden)
21%
I Don't Care (with Ed Sheeran)
21%
I Would
21%
Loved By You (ft. Burna Boy)
21%
Love You Different (ft. BEAM)
21%
Name (ft. Tori Kelly)
21%
One Life
21%
Runaway Love
21%
Running Over (ft. Lil Dicky)
21%
Santa Claus Is Coming To Town
21%
Second Emotion (ft. Travis Scott)
21%
Swap It Out
21%
Trust
21%
Unstable (ft. The Kid LAROI)
21%
Yellow Raincoat
21%
405
14%
All I Want Is You
14%
Attention (with OMAH LAY)
14%
Available
14%
Backpack (ft. Lil Wayne)
14%
Bad Guy (with Billie Eilish)
14%
BUTTERFLIES
14%
Common Denominator
14%
DEVOTION (ft. Dijon)
14%
Don't Go (with Skrillex, Don Toliver)
14%
Eenie Menie (with Kingston)
14%
Essence (with Wizkid, Tems)
14%
EVERYTHING HALLELUJAH
14%
FIRST PLACE
14%
FORGIVENESS (with Marvin Winans)
14%
Home This Christmas (ft. The Band Perry)
14%
Honest (ft. Don Toliver)
14%
I Feel Funny
14%
Know No Better (ft. DaBaby)
14%
Mood (Remix) (with 24kGoldn, J Balvin, iann dior)
14%
No Brainer (with DJ Khaled, Quavo, Chance the Rapper)
14%
Someday At Christmas
14%
STANDING ON BUSINESS (ft. Druski)
14%
Take It Out On Me
14%
There She Go (ft. Lil Uzi Vert)
14%
TOO LONG
14%
What Do You Mean - Acoustic
14%
What's Hatnin' (ft. Future)
14%
Afraid To Say (ft. Lauren Walters)
7%
All She Wrote (ft. Brandon Love, Chandler Moore)
7%
ALL THE WAY
7%
BAD HONEY
7%
BETTER MAN
7%
DADZ LOVE (ft. Lil B)
7%
DON'T WANNA (with Bakar)
7%
DOTTED LINE
7%
EYE CANDY
7%
GLORY VOICE MEMO
7%
I THINK YOU'RE SPECIAL (ft. Tems)
7%
Lonely Christmas (with Bryson Tiller, Poo Bear)
7%
LOVE SONG
7%
LYIN'
7%
MOVING FAST
7%
NEED IT
7%
OH MAN
7%
OPEN UP YOUR HEART (ft. Eddie Benjamin)
7%
PETTING ZOO
7%
POPPING MY S*** (with Hurricane Chris)
7%
Private Landing (with Don Toliver, Future)
7%
Rockin' Around The Christmas Tree
7%
SAFE SPACE (ft. Lil B)
7%
SOULFUL (featuring Druski)
7%
STORY OF GOD
7%
SWEET SPOT (ft. Sexyy Red)
7%
THERAPY SESSION (ft. Druski)
7%
THINGS YOU DO
7%
Turn To You - (Mother's Day Dedication)
7%
Wait For A Minute (with Tyga)
7%
WAY IT IS (ft. Gunna)
7%
We're In This Together
7%
WHEN IT'S OVER
7%
Where Do I Fit In? (ft. Tori Kelly, Chandler Moore, Judah Smith)
7%
Where You Go I Follow (ft. Pink Sweat$, Chandler Moore, Judah Smith)
7%
WITCHYA
7%
ZUMA HOUSE
7%
Beautiful Love (Free Fire)
0%
One Thing I Ever Got For Christmas
0%
Snooze (Acoustic) (with Sza)
0%
The Christmas Song (Chestnuts Roasting On An Open Fire) (ft. USHER)
0%
This Is What Love Is
0%
Up At Night (with Kehlani)
0%
Wish You Could (ft. Quavo)
0%
No matching quizzes found
Score Distribution
Percent of People with Each Score
Percentile by Number Answered
Your Score History
You have not taken this quiz